Developing reading power / (Record no. 3142)
[ view plain ]
| 000 -LEADER | |
|---|---|
| fixed length control field | 00698nam a22002657a 4500 |
| 003 - CONTROL NUMBER IDENTIFIER | |
| control field | OSt |
| 005 - DATE AND TIME OF LATEST TRANSACTION | |
| control field | 20140310181749.0 |
| 008 - FIXED-LENGTH DATA ELEMENTS--GENERAL INFORMATION | |
| fixed length control field | 130626t xxu||||| |||| 00| 0 eng d |
| 020 ## - INTERNATIONAL STANDARD BOOK NUMBER | |
| International Standard Book Number | 9799715098433 |
| 020 ## - INTERNATIONAL STANDARD BOOK NUMBER | |
| International Standard Book Number | 9799715098440 |
| 020 ## - INTERNATIONAL STANDARD BOOK NUMBER | |
| International Standard Book Number | 9799715098457 |
| 020 ## - INTERNATIONAL STANDARD BOOK NUMBER | |
| International Standard Book Number | 9799715098484 |
| 050 ## - LIBRARY OF CONGRESS CALL NUMBER | |
| Classification number | LB 1050.45 |
| Item number | .B144 2004 |
| 082 ## - DEWEY DECIMAL CLASSIFICATION NUMBER | |
| Classification number | FIL 372.41 |
| Item number | B14 2004 |
| 100 ## - MAIN ENTRY--PERSONAL NAME | |
| Personal name | Bagabaldo, Anita A. |
| 245 ## - TITLE STATEMENT | |
| Title | Developing reading power / |
| Statement of responsibility, etc | Anita A. Bagabaldo. |
| 260 ## - PUBLICATION, DISTRIBUTION, ETC. (IMPRINT) | |
| Place of publication, distribution, etc | Philippines : |
| Name of publisher, distributor, etc | Saint Mary's Publishing Corporation, |
| Date of publication, distribution, etc | 2004. |
| 300 ## - PHYSICAL DESCRIPTION | |
| Extent | 355 p. : |
| Dimensions | 21 cm. |
| 650 ## - SUBJECT ADDED ENTRY--TOPICAL TERM | |
| Topical term or geographic name as entry element | Reading |
| 942 ## - ADDED ENTRY ELEMENTS (KOHA) | |
| Source of classification or shelving scheme | Library of Congress Classification |
| Koha item type | Books |
| Withdrawn status | Lost status | Source of classification or shelving scheme | Damaged status | Home library | Current library | Shelving location | Date acquired | Total Checkouts | Full call number | Barcode | Date last seen | Copy number | Price effective from | Koha item type |
|---|---|---|---|---|---|---|---|---|---|---|---|---|---|---|
| Library of Congress Classification | Luxembourg Library | Luxembourg Library | Filipiniana Section | 06/26/2013 | LB 1050.45 .B144 2004 | 16620 | 08/13/2013 | 1 | 06/26/2013 | Books | ||||
| Library of Congress Classification | Luxembourg Library | Luxembourg Library | Filipiniana Section | 06/26/2013 | LB 1050.45 .B144 2004 | 16619 | 08/13/2013 | 2 | 06/26/2013 | Books | ||||
| Library of Congress Classification | Luxembourg Library | Luxembourg Library | Filipiniana Section | 06/26/2013 | LB 1050.45 .B144 2004 | 16618 | 08/13/2013 | 3 | 06/26/2013 | Books | ||||
| Library of Congress Classification | Luxembourg Library | Luxembourg Library | Filipiniana Section | 06/26/2013 | LB 1050.45 .B144 2004 | 16621 | 08/13/2013 | 4 | 06/26/2013 | Books |